000
00278nam a22001097a 4500
008
160512b xxu||||| |||| 00| 0 eng d
020
_a
9780073376547
041
_a
eng
080
_a
61
245
_a
Sports in society issues and controversies:
_c
Jay Coakley;Ph.D;
942
_2
udc
_c
BK
999
_c
2062
_d
2062